LDR 01214naa#a2200217#i#450# 001 RU\\bibl\119410 005 20260416035237.4 011 ## _a2311-8873 100 ## _a20260410b2026####ek#y0rusy0150####ca 102 ## _aRU 200 1# _aПРОБЛЕМНО-ОРИЕНТИРОВАННАЯ ОПТИМИЗАЦИЯ ТЕХНОЛОГИИ ОБРАБОТКИ ДЕТАЛЕЙ ЭНЕРГОУСТАНОВОК ИЗ ГРАНУЛЬНЫХ ЗАГОТОВОК _eЖурнальная статья 210 1# _aВоронеж _cВоронежский государственный лесотехнический университет имени Г.Ф. Морозова _d2026 215 ## _a9 с. 608 ## _aЖурнальная статья _2local 675 ## _aТеория машиностроения (машиноведение). Ядерная техника. 621.0 _z 700 #1 _aТаскинбаев _gАндрей Артурович 700 #1 _aСухочев _gГеннадий Алексеевич 700 #1 _aКоденцев _gСергей Николаевич 700 #1 _aПодгорнов _gСергей Николаевич 700 #1 _aСмольянникова _gЕвгения Геннадьевна 856 4# _avntv.editorum.ru _u